00755 a2200169 4500010001400000020002300014035001300037037001800050082000800068100002100076245021900097260004500316270013200361300003400493650003600527650002200563 aENG-85715 c365.00a817812047X aEN-69248 bD.B.Act / Pub14a5401 aSharma, Narender1 aR. Gupta's popular master guide CSIR-UGC national eligibility test (NET) Chemical sciencescby Narender Sharma and Karan Devbfor awarding junior research fellowship and for determining eligibility for lectureship aNew DelhibRamesh Publishing Housec2008 a12-H, New Darya Ganj Road, Opp. Traffic KotwalibNew DelhicDelhi :e110002k23261647l23275124minfo@rameshpublishinghouse.com avarious pagingsc23 cm (pbk) aChemical sciencesxexaminations aCSIR-UGC NET test